000 01776nab a2200253 i 4500
003 BR-BrBNA
005 20250410083744.0
008 250410b2016 bl.qr|pooa||| 00| 0 por |
040 _aBR-BrBNA
_bpor
072 _aF70
100 _aGomes-Klein, Vera Lúcia
100 _aHall, Climbiê Ferreira
100 _aGil, André dos Santos Bragança
245 _aFlora das cangas da Serra dos Carajás, Pará, Brasil: Cucurbitaceae
500 _aPublicação on-line; 11 ref.; 3 illus.; Summaries (En, Pt)
520 _a Resumo Foram encontradas seis espécies pertencentes a quatro gêneros de Cucurbitaceae nas formações de canga da Serra dos Carajás (Pará, Brasil): Cayaponia tayuya, Gurania bignoniacea, G. sinuata, G. subumbellata, Helmontia cardiophylla e Melothria pendula. São apresentadas descrições detalhadas, comentários e ilustrações das espécies. Palavras-chave: FLONA Carajás, taxonomia, trepadeiras. Abstract Six species belonging to four genera of Cucurbitaceae were found in the canga formations of the Serra dos Carajás (Pará state, Brazil): Cayaponia tayuya, Gurania bignoniacea, G. sinuata, G. subumbellata, Helmontia cardiophylla e Melothria pendula.Detailed descriptions, comments, and illustrations of the species are presented. Key words: FLONA Carajás, taxonomy, climbers.
650 _aCARAJÁS
650 _aTAXONOMIA
650 _aTREPADEIRA
773 0 _0709
_9349694
_dRio de Janeiro-RJ Jardim Botanico do Rio de Janeiro 1935
_o2025-2214
_tRodriguésia (Brazil)
_x0370-6583; 2175-7860 on-line
_gv. 67(5 special number) p. 1319-1327; (2016)
_wBR2025000312
856 _uhttps://www.scielo.br/j/rod/a/bpw6JsK67NHh9B87N3JpzmD/?format=pdf&lang=pt
942 _cANA
999 _c330954
_d330954